| 000 | 00603nam a22002177a 4500 | ||
|---|---|---|---|
| 003 | OSt | ||
| 005 | 20140310181734.0 | ||
| 008 | 130319t xxu||||| |||| 00| 0 eng d | ||
| 020 | _a0551022906 | ||
| 050 |
_aBT 732.7 _b.Y21 1990 |
||
| 082 |
_aTR 152.1 _bY15 1990 |
||
| 245 |
_aWhere is God when it hurts? / _cPhilip Yancey. |
||
| 260 |
_aLondon : _bHarper Collins, _c1990. |
||
| 300 |
_a262 p. : _c20 cm. |
||
| 500 | _aIncludes bibliographical reference and index. | ||
| 520 | _a1. Physiological Psychology | ||
| 521 | _aFaculty | ||
| 541 | _j1 | ||
| 562 | _e1 | ||
| 942 |
_2lcc _cBK-TR _kTR |
||
| 999 |
_c2514 _d2514 |
||